[Event "BL2-Nord 0304"]
[Site "Germany"]
[Date "2003.??.??"]
[Round "?.4"]
[White "Lindinger, Markus"]
[Black "Schulz, Joern"]
[Result "1-0"]
[WhiteElo "2335"]
[BlackElo "2255"]
[PlyCount "57"]
[EventDate "2003.10.??"]
[EventType "team-tourn"]
[EventRounds "9"]
[EventCountry "GER"]
[SourceTitle "CBM 100 Extra"]
[Source "ChessBase"]
[SourceDate "2004.07.06"]
[SourceVersion "2"]
[SourceVersionDate "2004.07.06"]
[SourceQuality "1"]
[WhiteTeam "Hamburger SK II"]
[BlackTeam "Berlin Rotation"]
[WhiteTeamCountry "GER"]
[BlackTeamCountry "GER"]

1. d4 Nf6 2. c4 e6 3. Nc3 Bb4 4. e3 c5 5. Bd3 Nc6 6. Nf3 Bxc3+ 7. bxc3 d6 8. 0-0 e5 9. Ng5 0-0 10. f4 h6 11. Ne4 Nxe4 12. Bxe4 Na5 13. Qd3 Be6 14. d5 Bc8 15. f5 f6 16. Qe2 Qe8 17. Bc2 b6 18. e4 Ba6 19. Bb3 b5 20. Rf3 Nxc4 21. Rg3 Kh7 22. Rg6 Rh8 23. Qg4 Qf7 24. Bxc4 bxc4 25. Be3 Bb5 26. Rf1 Be8 27. Bxh6 gxh6 28. Rf3 Qf8 29. Rg3 1-0

[Event "Oberliga Nord O 0001"]
[Site "Germany"]
[Date "2000.??.??"]
[Round "?"]
[White "Weber, Siegfried"]
[Black "Schulz, Joern"]
[Result "0-1"]
[WhiteElo "2260"]
[BlackElo "2200"]
[PlyCount "80"]
[EventDate "2000.10.??"]
[EventType "team"]
[EventRounds "9"]
[EventCountry "GER"]
[SourceTitle "EXT 2004"]
[Source "ChessBase"]
[SourceDate "2003.11.25"]
[SourceVersion "1"]
[SourceVersionDate "2003.11.25"]
[SourceQuality "1"]

1. g3 Nf6 2. Bg2 e6 3. Nf3 b6 4. 0-0 Bb7 5. c4 c5 6. b3 Be7 7. Bb2 0-0 8. e3 Qc7 9. Qe2 Nc6 10. Nc3 Rac8 11. Rfd1 Rfd8 12. Rac1 d5 13. cxd5 Nxd5 14. Nxd5 Rxd5 15. d4 Rdd8 16. dxc5 Bxc5 17. Ng5 Qe7 18. Qg4 h6 19. Nh3 Qf8 20. Nf4 e5 21. Nh5 Kh8 22. Be4 Rxd1+ 23. Rxd1 Re8 24. Qf5 g6 25. Qd7 Rd8 26. Bxc6 Rxd7 27. Bxe5+ f6 28. Rxd7 fxe5 29. Rxb7 gxh5 30. Rxa7 Qd6 31. Be4 h4 32. Kg2 Qe6 33. h3 hxg3 34. Kxg3 Qf6 35. Ra8+ Kg7 36. Ra7+ Be7 37. a4 Qh4+ 38. Kh2 Kf6 39. Bg2 Qxf2 40. b4 Qxe3 0-1